000 00811nam a2200253 a 4500
001 000023441
005 20200930022224.0
008 101207s1990 ck a r 000 | spa d
020 _a9580409781
040 _aDO-SdBNP
_bspa
_cBNPHU
082 _aA863.2
_bE18m
100 1 0 _aEcheverría, Esteban,
_d1805-1851
_924745
245 1 3 _aEl matadero /
_cEsteban Echeverría ; edición Iván Hernández.
246 1 2 _iA propósito de Esteban Echeverría y el matadero
260 _aBarcelona ;
_aMiami :
_bNorma,
_c1990.
300 _a32, 69 p. :
_bil. ;
_c19 cm.
490 1 _aCara y Cruz
500 _aIncluye nota al pie de página
650 4 _aCuentos argentinos
_93752
650 4 _aLiteratura argentina
_93860
700 1 _aHernández, Iván
_eed.
_948303
830 0 _aCara y Cruz;
_948304
049 _aBNGR
999 _c22937
_d22937